000 00669nam a22001937a 4500
005 20260408141914.0
008 260408b |||||||| |||| 00| 0 eng d
040 _aLC
_cUNZA
_dUNZA
_eRDA
050 _aZAMB BV 3625
_bCHI 1957
100 _aChilombo, A
245 _aImishoni ya U.M.C.A (Universities' Mission to Central Africa) /
_cA Chilombo.
260 _aCape Town:
_bOxford University Press,
_c1957.
300 _a39 pages.
500 _aBemba translation of Christian missions in Africa
650 _aEarly Christian teaching
_xRural communities
650 _aGrowth of local churches
650 _aCultural and educational transformation
942 _cZAMBIANA
999 _c216562
_d216562